[Event "RUS-chT U14 final"]
[Site "Sochi"]
[Date "2019.05.09"]
[Round "8.2"]
[White "Toledo Flores, Marianna"]
[Black "Bronnikova, Ekaterina"]
[Result "1-0"]
[WhiteElo "1330"]
[BlackElo "1355"]
[PlyCount "117"]
[EventDate "2019.05.01"]
[EventType "team-tourn"]
[EventRounds "9"]
[EventCountry "RUS"]
[SourceTitle "CBM 190 Extra"]
[Source "ChessBase"]
[SourceDate "2019.07.15"]
[SourceVersion "1"]
[SourceVersionDate "2019.07.15"]
[SourceQuality "1"]

1. d4 Nf6 2. Nf3 g6 3. b3 Bg7 4. Bb2 0-0 5. c4 d6 6. Qc1 e6 7. e3 Nc6 8. Be2 Re8 9. Nbd2 e5 10. d5 Ne7 11. 0-0 Bf5 12. Rd1 Ne4 13. Nxe4 Bxe4 14. Ng5 Bf5 15. e4 Bd7 16. Qd2 Qc8 17. f4 f6 18. Nf3 Bh6 19. g3 Rf8 20. Ba3 b6 21. c5 bxc5 22. Bxc5 dxc5 23. d6 Nc6 24. Qd5+ Kg7 25. dxc7 Nd4 26. Nxd4 cxd4 27. Qd6 Be6 28. Bb5 a6 29. Be2 Rf7 30. Rac1 Ra7 31. Rc6 Rfxc7 32. Rxc7+ Rxc7 33. fxe5 Be3+ 34. Kh1 fxe5 35. Qxe5+ Kg8 36. Rf1 Rf7 37. Qd6 Rxf1+ 38. Bxf1 Bf7 39. Qb6 Qe6 40. Qxa6 Qxa6 41. Bxa6 Kf8 42. Bd3 Ke7 43. Kg2 Kd6 44. Kf3 Kc5 45. e5 Kb4 46. h4 Kc3 47. Bb5 d3 48. Kxe3 d2 49. Be2 Kc2 50. a4 Bxb3 51. a5 Bd5 52. Kd4 Bb7 53. e6 Bc6 54. e7 Kb3 55. a6 Bb5 56. Bd1+ Kb4 57. a7 Bc6 58. a8Q Bxa8 59. e8Q 1-0

[Event "RUS-chT U14 final"]
[Site "Sochi"]
[Date "2019.05.04"]
[Round "4.2"]
[White "Bronnikova, Ekaterina"]
[Black "Gavrilov, Maxim"]
[Result "0-1"]
[WhiteElo "1355"]
[BlackElo "1717"]
[PlyCount "48"]
[EventDate "2019.05.01"]
[EventType "team-tourn"]
[EventRounds "9"]
[EventCountry "RUS"]
[SourceTitle "CBM 190 Extra"]
[Source "ChessBase"]
[SourceDate "2019.07.15"]
[SourceVersion "1"]
[SourceVersionDate "2019.07.15"]
[SourceQuality "1"]

1. e4 c5 2. Nc3 d6 3. g3 g6 4. Bg2 Bg7 5. d3 e6 6. Be3 Nc6 7. Qd2 Nd4 8. f4 Ne7 9. Nf3 0-0 10. 0-0 Rb8 11. Nd1 b5 12. g4 f5 13. gxf5 exf5 14. Qf2 Nec6 15. Nc3 b4 16. Nd1 fxe4 17. dxe4 Ba6 18. Re1 Qc7 19. Ng5 h6 20. Nf3 Rbe8 21. Nd2 Nxc2 22. Rb1 Nxe1 23. Qxe1 Nd4 24. Qg3 Ne2+ 0-1